দৌড়, ঝাপ ও নিক্ষেপ / (Record no. 55896)
[ view plain ]
| 000 -LEADER | |
|---|---|
| fixed length control field | 00889nam a2200229 a 4500 |
| 001 - CONTROL NUMBER | |
| control field | 55896 |
| 003 - CONTROL NUMBER IDENTIFIER | |
| rucl marc code | BD-RjUL |
| 005 - DATE AND TIME OF LATEST TRANSACTION | |
| control field | 20211209080329.0 |
| 008 - FIXED-LENGTH DATA ELEMENTS--GENERAL INFORMATION | |
| fixed length control field | 161122s1960 bg ||||| |||| 00| 0 ben d |
| 035 ## - SYSTEM CONTROL NUMBER | |
| System control number | (BD-RjUL)56020 |
| 040 ## - CATALOGING SOURCE | |
| Original cataloging agency | BD-RjUL |
| Language of cataloging | ben |
| Transcribing agency | BD-RjUL |
| 041 ## - LANGUAGE CODE | |
| Language code of text/sound track or separate title | ben |
| 082 ## - DEWEY DECIMAL CLASSIFICATION NUMBER | |
| Edition number | 23 |
| Classification number | 796.4 |
| Author mark and year | ALD 1960 |
| 100 ## - MAIN ENTRY--PERSONAL NAME | |
| Personal name | আলিম, কাজী আবদুল |
| 9 (RLIN) | 166407 |
| 245 10 - TITLE STATEMENT | |
| Title | দৌড়, ঝাপ ও নিক্ষেপ / |
| Statement of responsibility, etc. | কাজী আবদুল আলিম |
| 260 ## - PUBLICATION, DISTRIBUTION, ETC. (IMPRINT) | |
| Place of publication, distribution, etc. | ঢাকা ; |
| Name of publisher, distributor, etc. | মিসেস সেলিনা আলিম, |
| Date of publication, distribution, etc. | ১৯৬০ |
| 300 ## - PHYSICAL DESCRIPTION | |
| Pagination | খণ্ড. : |
| Illustrations | চিত্র ; |
| Size | ১৮৭ সেমি . |
| 505 0# - FORMATTED CONTENTS NOTE | |
| Formatted contents note | খণ্ড ২, ঝাপ ও নিক্ষেপ -- খণ্ড ১, দৌড় -- |
| 650 ## - SUBJECT ADDED ENTRY--TOPICAL TERM | |
| Topical term or geographic name as entry element | ওজন নিক্ষেপ |
| 9 (RLIN) | 166408 |
| Topical term or geographic name as entry element | Weight Lifting |
| 9 (RLIN) | 166409 |
| 942 ## - ADDED ENTRY ELEMENTS (KOHA) | |
| Source of classification or shelving scheme | Dewey Decimal Classification |
| Koha item type | Books |
| Lost status | Source of classification or shelving scheme | Damaged status | Not for loan | Collection code | Permanent Location | Current Location | Shelving location | Date acquired | Source of acquisition | Cost, normal purchase price | Total Checkouts | Full call number | Date last seen | Copy number | Koha item type |
|---|---|---|---|---|---|---|---|---|---|---|---|---|---|---|---|
| Dewey Decimal Classification | Non-fiction | Central Library, University of Rajshahi | Central Library, University of Rajshahi | 06/06/1968 | Nawroge | 2.50 | B 796.4 ALD V-2 1960 | 22/11/2016 | C-2 | Books | |||||
| Dewey Decimal Classification | Non-fiction | Central Library, University of Rajshahi | Central Library, University of Rajshahi | 12/06/1990 | Swakat Osman | B 796.4 ALD V-2 1960 | 24/11/2016 | C-3 | Books | ||||||
| Dewey Decimal Classification | Not For Loan | Non-fiction | Central Library, University of Rajshahi | Central Library, University of Rajshahi | Reading Room | 06/06/1968 | Nowrose | 2.50 | B 796.4 ALD V-1 1964 | 03/05/2017 | C-1 | Books |